| 000 | 00543nam a2200205 4500 | ||
|---|---|---|---|
| 001 | 143739 | ||
| 003 | ES-MaACL | ||
| 005 | 20260702183958.0 | ||
| 007 | t| | ||
| 008 | 070214s1960 sp r ||||1| spa d | ||
| 100 | 1 |
_aSheean, Vicent. _9106042 |
|
| 245 | 1 | 0 |
_aNehru / _cVicent Sheean. |
| 260 |
_aBarcelona : _bPlaza & Janés, _c1960. |
||
| 300 |
_a320 p. ; _c18 cm. |
||
| 490 | 1 | _aCol. lauro | |
| 651 | 7 |
_aIndia _xPolítica y gobierno _9227300 |
|
| 830 | 0 |
_aColección Lauro _9229295 |
|
| 942 |
_2udc _cMONOGRAFIA |
||
| 999 |
_c143739 _d143739 |
||